000
00297nam a2200109 4500
245
_a
Nature of physical existence
_c
Ivor Leclerc
100
_a
Leclerc, Ivor
260
_a
London
_b
George Allen & Unwin
_c
1972
300
_a
381p.; 22cm.-
490
_a
Muirhead library of philosophy
082
_a
113
_b
LEC
999
_c
15712
_d
15712